Addressing HIV/AIDS in east Asia and the pacific

সংরক্ষণ করুন:
গ্রন্থ-পঞ্জীর বিবরন
সংস্থা লেখক: Human Development Network
বিন্যাস: গ্রন্থ
ভাষা:Undetermined
প্রকাশিত: Washington, D. C. The World Bank 2004
বিষয়গুলি:
ট্যাগগুলো: ট্যাগ যুক্ত করুন
কোনো ট্যাগ নেই, প্রথমজন হিসাবে ট্যাগ করুন!
Thư viện lưu trữ: Trung tâm Học liệu Trường Đại học Cần Thơ
LEADER 00592nam a2200193Ia 4500
001 CTU_68944
008 210402s9999 xx 000 0 und d
082 |a 616.9792 
082 |b H918 
110 |a Human Development Network 
245 0 |a Addressing HIV/AIDS in east Asia and the pacific 
245 0 |c Human Development Network 
260 |a Washington, D. C. 
260 |b The World Bank 
260 |c 2004 
650 |a Aids,Communicable diseases,Infectious diseases 
650 |z East asia,Pacific area 
904 |i Mai Loan 
980 |a Trung tâm Học liệu Trường Đại học Cần Thơ